| 000 | 00000nam##2200000za#4500 |
| 001 | 9.647430 |
| 003 | CaOODSP |
| 005 | 20210615112633 |
| 007 | ta |
| 008 | 150407|1999||||xxc||||| f|0| 0 eng|d |
| 020 | |a0-662-28062-8 |
| 040 | |aCaOODSP|beng |
| 043 | |an-cn--- |
| 086 | 1 |aH39-501/1999E |
| 110 | 1 |aCanada. |bHealth Canada. |
| 245 | 10|aHealthy development of children and youth : |bthe role of the determinants of health |
| 260 | |aOttawa - Ontario : |bHealth Canada |c1999. |
| 300 | |axiv, 208p. : |bfigs., graphs, references, tables ; |c28 cm. |
| 500 | |a"...is to contribute to the knowledge base and stimulate discussion about the application of the determinants of health concept to the healthy development of Canada's children and youth. The report offers a framework for the discussion of child and youth development issues among all interested sectors - a vital step in the process of applying population health."--Foreword. Contents: Part A: Background and context; Introduction.--Part B: A Closer look at the determinants: Income and social status; Employment and work environment; Education; Social environment; Natural and built environments; Personal health practices; Individual capacity and coping skills; Genetic and biological factors; Health services and social services; Culture; Gender.--Part C: Challenges - Today and tomorrow; Challenges. |
| 563 | |aSoftcover |
| 590 | |a00-22|b2000-06-22 |
| 690 | 07|aChild development|2gcpds |
| 690 | 07|aAdolescents|2gcpds |
| 690 | 07|aHealth indicators|2gcpds |
| 775 | 08|tLe développement sain des enfants et des jeunes : |w(CaOODSP)9.680850 |
| 776 | 0#|tHealthy development of children and youth : |w(CaOODSP)9.696369 |